Lookalike lyrics - Conan Gray - Statistics

General Stats
  • This quiz has been taken 18 times
  • The average score is 185 of 254
Answer Stats
Answers % Correct
a
100%
i
100%
I
100%
look
100%
and
91%
do
91%
me
91%
then
91%
when
91%
you
91%
at
82%
back
82%
but
82%
But
82%
'Cause
82%
cause
82%
cross
82%
eyes
82%
he
82%
head
82%
his
82%
in
82%
its
82%
it's
82%
just
82%
know
82%
mind
82%
mine
82%
no
82%
of
82%
see
82%
smile
82%
that
82%
the
82%
think
82%
to
82%
your
82%
city
73%
go
73%
guy's
73%
instead
73%
lights
73%
like
73%
lookalike
73%
looks
73%
lot
73%
night
73%
we
73%
you're
73%
arms
64%
baby
64%
can't
64%
did
64%
don't
64%
Let's
64%
lie
64%
line
64%
met
64%
movie
64%
now
64%
underneath
64%
all
55%
already
55%
another
55%
anyone
55%
fooling
55%
gone
55%
he's
55%
honey
55%
I'm
55%
i'm
55%
kissin'
55%
laying
55%
not
55%
summer
55%
won
55%
compete
45%
done
45%
I've
45%
love
45%
maybe
45%
need
45%
redo
45%
sayin'
45%
this
45%
time
45%
we're
45%
what's
45%
about
36%
admit
36%
find
36%
hope
36%
matter
36%
my
36%
really
36%
sometimes
36%
almost
27%
erase
27%
every
27%
from
27%
hide
27%
how
27%
I'll
27%
might
27%
try
27%
dying
18%
well
18%
been
9%
day
9%
since
9%
you've
9%
No matching quizzes found
Score Distribution
Percent of People with Each Score
Percentile by Number Answered
Your Score History
You have not taken this quiz